000 00568nam a2200217 a 4500
001 0001-2117
003 ELIB.Books
008 190724 2010 eng
020 _a0876304560
092 _a616.89
_bLan
100 _aLandgarten, Helen B.
245 _aFamily Art Psychotherapy
260 _aNew York
_bBruner/Mazel Publishers
_c1987
300 _a299
_c23.5cm
650 _aFamily Psychotherapy
856 _nKBTS Library
_uKBTS Elib
942 _2ddc
_cBK
990 _a1
998 _aEnglishbooks.elf
_ccat
_e2019-07-24
999 _c12117
_d12117